| 000 | 02668cam a22005294i 4500 | ||
|---|---|---|---|
| 003 | PE-LiUPU | ||
| 005 | 20250731180134.0 | ||
| 008 | 150625s pe r 000 0 spa d | ||
| 035 | _a(Sirsi) a38172 | ||
| 040 |
_aPE-LiUPU _bspa _cPE-LiUPU _erda |
||
| 082 | 0 | 4 |
_a512 _bG69 _221 |
| 100 | 1 |
_aGoñi Galarza, Juan, _eautor. |
|
| 245 | 1 | 0 |
_aÁlgebra : _bLa generalización matemática / _cJuan Goñi Galarza. |
| 250 | _aSegunda edición. | ||
| 264 | 1 |
_aLima : _bIngeniería, _c[19 ]. |
|
| 300 |
_a544 páginas ; _c20centímetros |
||
| 336 |
_atext _2rdacontent |
||
| 337 |
_aunmediated _2rdamedia |
||
| 338 |
_avolume _2rdacarrier |
||
| 505 | 0 | _aAlgebra. -Grado de las expresiones algebraicas. -Notación polinómica. -Polinomios especiales. -Operaciones con expresiones algebraicas. -Multiplicación de expresiones algebraicas. -División algebraica. -Teorema del resto o de Descartes. -Divisibilidad algebraica. -Cocientes notables. -Factorización. -Máximo comun divisor. -Fracciones algebraicas. -Introducción al binomio de Newton. -Desarrollo del binomio de Newton con exponente negativo y/o fraccionario. -Radicación. -Operaciones con raíces. -Verdadero valor de fracciones algebraicas. -Cantidades imaginarias. -Números complejos. -Ecuaciones. -Sistema de ecuaciones. -Determinantes. -Ecuaciones del primer grado. -Ecuaciones reductibles a cuadráticas, ecuaciones bicuadradas. -Sistemas de ecuaciones de segundo grado. -Desigualdades e inecuaciones. -Progresiones. -Logaritmos. -Intereses compuesto. | |
| 526 | _aSEG44 | ||
| 526 | _aSEG26 | ||
| 526 | _aP159 | ||
| 526 | _aP155 | ||
| 526 | _aP154 | ||
| 526 | _aP153 | ||
| 526 | _aP150 | ||
| 526 | _aP100 | ||
| 526 | _aP31 | ||
| 526 | _aP30 | ||
| 526 | _aP26 | ||
| 526 | _aP25 | ||
| 526 | _aP24 | ||
| 526 | _aP22 | ||
| 526 | _aP15 | ||
| 526 | _aP10 | ||
| 650 | 1 | 4 |
_aÁlgebra _vProblemas, ejercicios, etc. |
| 910 |
_clch _d20070718 |
||
| 942 |
_2ddc _cBOOK |
||
| 949 |
_a512 G69 _wDEWEY _c1 _i23622 _lCCODEBUL1 _mBUL _p00.00 _r0 _sY _tBOOK _u2015-06-25 _xFCE _PP08 _0COMPRA _o.STAFF. Colección General |
||
| 949 |
_a512 G69 _wDEWEY _c2 _i19265 _lCCODEBUL1 _mBUL _p00.00 _r0 _sY _tBOOK _u2015-06-25 _xFCE _PP08 _0COMPRA _o.STAFF. Colección General |
||
| 596 | _a1 | ||
| 999 |
_a512 G69 _wDEWEY _c46427 _i23622 _d46427 _e2018-5-3 _f2019-12-10 _g5 _lCCODEBUL1 _mBUL _n1 _p12.00 _r0 _sN _tBOOK _u2015-6-25 _xFCE _PP08 _0COMPRA _o.STAFF. Colección General |
||
| 999 |
_a512 G69 _wDEWEY _c2 _i19265 _f2019-12-10 _g5 _lDISCARD _mBUL _p12.00 _r1 _sY _tBOOK _u2015-6-25 _xFCE _PP08 _0COMPRA _o.STAFF. Colección General |
||
| 980 |
_81 _gALBERTO SANCHEZ Responsable de Automatización |
||